000
00274nam a2200121Ia 4500
008
190216s9999||||xx |||||||||||||| ||und||
100
_a
Gopakumar T N
245
0
_a
Kannaki
260
_b
Mathrubhumi Printing &publishing
300
_a
91
650
_a
Kathakal
942
_c
BK
999
_c
28970
_d
28970